000 00582nam a2200241 a 4500
001 nice12345678
003 IN_TiNIC
005 20260116011537.0
008 050524s1902 boma grp 000 0 per
020 _a
_c100
082 0 0 _a891.51
_bHAF2
100 _aHafiz, Khwaja Shirazi
245 _aGhazaliyat (persian)
260 _aBombay
_bKhursheed Press
_c1902
300 _a409p
500 _aincludes index and biblioraphy
505 2 _aIndex
650 _aPersian Poetry-Hafiz
700 1 _aHafiz, Khwaja Shirazi
902 _bSRS
942 _cBK
999 _c2493
_d2493